[Event "TUR Cup"]
[Site "Ankara"]
[Date "2021.12.09"]
[Round "2"]
[White "Ozcan, Kadir Kutay"]
[Black "Camkurt, Halil Emirhan"]
[Result "1-0"]
[WhiteElo "1877"]
[BlackElo "1224"]
[PlyCount "51"]
[EventDate "2021.12.08"]
[EventType "swiss"]
[EventRounds "9"]
[EventCountry "TUR"]
[SourceTitle "CBM 205 Extra"]
[Source "ChessBase"]
[SourceDate "2022.01.31"]
[SourceVersion "1"]
[SourceVersionDate "2022.01.31"]
[SourceQuality "1"]

1. e4 e5 2. Nf3 Nc6 3. c3 d5 4. Qa4 f6 5. d3 Nge7 6. Be2 Bd7 7. Qc2 Be6 8. Nbd2 Qd7 9. 0-0 0-0-0 10. b4 Ng6 11. Nb3 Bd6 12. b5 Nce7 13. c4 dxc4 14. dxc4 c5 15. Be3 b6 16. a4 Nf4 17. a5 Kb7 18. Rfd1 Qc7 19. Ra4 Ra8 20. Rda1 Neg6 21. Bf1 Qe7 22. Qa2 Bc7 23. axb6 Bxb6 24. Na5+ Bxa5 25. Rxa5 Kb8 26. Ra3 1-0